000 01154nam a22002537a 4500
005 20240530110512.0
008 151206s2012 jo a g 000 0 ara d
017 _a2011/1/307
_bالاردن . دائرة المكتبة الوطنية
020 _a9789957830489
040 _aEG-CaGPL
082 _221
_a741.58\
_bس ر
100 0 _aسعد صديق البهنسى .
245 1 2 _aالرسوم المتحركة flash 8.0 /
_cسعد صديق البهنسى ، نور الدين احمد النادى ، محمد عبدالله الدرايسة ، عدلى محمد عبدالهادى .
250 _aط1.
260 _aعمان :
_bمكتبة المجتمع العربى للنشر و التوزيع ،
_c2011 .
300 _a238 ص :
_bايض ؛
_c24 سم .
650 0 4 _aالرسوم المتحركة .
650 0 4 _aالجرافيك .
700 0 _aنور الدين احمد النادى
_eمؤلف مشارك .
700 0 _aعدلى محمد عبدالهادى
_eمؤلف مشارك .
700 0 _aمحمد عبدالله الدرايسة
_eمؤلف مشارك .
942 _2ddc
_cBK
999 _c61692
_d61692